All minecraft mobs (1.14) - Statistics

General Stats
  • This quiz has been taken 246 times
  • The average score is 41 of 61
Answer Stats
Peaceful mobs % Correct
Enderdragon
96%
Wither
96%
Zombie
95%
Wither skeleton
94%
Cow
93%
Skeleton
92%
Pig
91%
Enderman
85%
Wolf
85%
Skeleton horse
84%
Zombie villager
84%
Villager
83%
Horse
82%
Sheep
82%
Iron golem
81%
Cat
80%
Cave spider
80%
Chicken
80%
Charged creeper
78%
Creeper
78%
Spider
78%
Blaze
76%
Zombie pigman
74%
Snow golem
73%
Tropical fish
73%
Ocelot
71%
Salmon
71%
Cod
70%
Donkey
70%
Pillager
70%
Ghast
68%
Bat
64%
Mule
62%
Endermite
61%
Elder guardian
59%
Guardian
59%
Pufferfish
59%
Silverfish
58%
Witch
57%
Dolphin
56%
Drowned
56%
Fox
56%
Llama
55%
Parrot
55%
Slime
55%
Evoker
54%
Rabbit
54%
Ravager
54%
Vindicator
54%
Husk
53%
Polar bear
53%
Panda
52%
Shulker
52%
Squid
52%
Magma cube
51%
Vex
51%
Mooshroom
49%
Stray
43%
Turtle
43%
Phantom
42%
Chicken jockey
23%
No matching quizzes found
Score Distribution
Percent of People with Each Score
Percentile by Number Answered
Your Score History
You have not taken this quiz